LEADER 02051nam a2200373 a 4500 001 000000133002 003 CaOOAMICUS 005 20150518123804.0 008 130228s2013 vc u000 u spa r 020 $a978-88-465-0844-7 040 $aPUL$bita 100 1 $aRojas Mogollon, Arturo José,$csac.$0(OLS)http://pul/name/85718 245 13$aEl sentido soteriologico de la formula calcedoniana "una persona en dos naturalezas" :$borigenes y desarrollo /$cArturo José Rojas Mogollon. 260 $aCittà del Vaticano :$bLateran University Press,$c©2013. 300 $a379 p.$c21 cm 490 1 $aCorona Lateranensis ;$v55 500 $aIn testa al front: Pontificia Universitas Lateranensis. Facultas sacrae theologiae. 500 $aSulla coperta: prefazione di Nicola Ciola. 502 $aTesi -- Pontificia Universitas Lateranensis. Facultas sacrae theologiae. 2013. 504 $aBibliografia: p. [353]-368. 650 4$aSoteriologia.$0(OLS)http://pul/subject/37217 650 4$aPersona (teologia).$0(OLS)http://pul/subject/9353 700 1 $aCiola, Nicola,$csacerdote,$d1952-$0(OLS)http://pul/name/1596 710 2 $aPontificia Università Lateranense.$bFacoltà di Teologia$kTesi.$0(OLS)http://pul/name/81775 830 0$aCorona Lateranensis ;$v55.$0(OLS)http://pul/title/684 850 $aPUL 852 $aPUL$W1$xSL Religione 2$y84$mTheol A5b 55$j152915$qStampati Altre Collocazioni$B152409$CPULBib$Z2$F152409 $H121819 $82 852 $aPUL$W1$xDP1 Tesi Pon Univ. Lateranense$y41$m2013 B 1$j153207$qTesi$B152740$CPULBib$Z2$F152740 $82 910 $aPontificia Università Lateranense.$bFacoltà di sacra teologia.$kTesi$981775 941 1 $a10 996 $6020$a978-88-465-0844-7$9(OLS)http://pul/number/151971 996 $6245$aEl sentido soteriologico de la formula calcedoniana "una persona en dos naturalezas" :$borigenes y desarrollo$9(OLS)http://pul/title/168019 996 $6260$aCittà del Vaticano :$bLateran University Press$9(OLS)http://pul/publisher/74585 LEADER 01491nam a2200361 a 4500 001 000000149984 003 CaOOAMICUS 005 20160303111205.0 008 160303s2016 it u000 u ita r 020 $a978-88-6689-924-2* 032 $aLibriCat 040 $aPUL$bita 082 $a348.45 110 1 $aItalia.$0(OLS)http://pul/name/1188 240 10$aCodice civile (2016).$0(OLS)http://pul/title/189042 245 10$aCodice civile e leggi complementari /$ca cura di Francesco Bartolini. 250 $a40. ed. 260 $aPiacenza :$bLa Tribuna,$c©2016. 300 $a1662 p. ;$c19 cm. 490 1 $aI codici vigenti 2016 500 $aTesto su due colonne. 500 $aSulla cop.: Aggiornato con la Legge di stabilità 2016 (L. 28/12/2015, n. 208). 650 4$aDiritto civile$zItalia.$0(OLS)http://pul/subject/3770 700 1 $aBartolini, Francesco,$d1942-$0(OLS)http://pul/name/35926 830 0$aCodici vigenti 2016.$0(OLS)http://pul/title/189041 850 $aPUL 852 $aPUL$W1$xDP2 Diritto e Scienze Sociali 3$y110$m348. 45 COD 3.1.64$j172594$qDDC 21$B174440$CPULBib$Z2$F174440 $H127336 $81 941 1 $a9 996 $6020$a978-88-6689-924-2*$9(OLS)http://pul/number/159929 996 $6082$a348.45$9(OLS)http://pul/classification/373 996 $6245$aCodice civile e leggi complementari$9(OLS)http://pul/title/104033 996 $6260$aPiacenza :$bLa Tribuna$9(OLS)http://pul/publisher/69734